000 00292nam a22001337a 4500
008 170209b xxu||||| |||| 00| 0 eng d
020 _a9780721695532
041 _aeng
080 _23ED
_a61
100 _a4
101 _aSHM
245 _aMEDICAL TERMINOLGY
_cELLEN CHABNER
942 _2udc
_cBK
999 _c5054
_d5054